Statistics for 駅名が「町」で終わる東京23区内の駅

Click here to take the quiz!

General Stats

  • This quiz has been taken 409 times
  • The average score is 28 of 50

Answer Stats

1日平均乗降客数(2020年度)駅名% Correct
205,408田町
89%
205,326浜松町
84%
314,026有楽町
83%
96,490御徒町
82%
306,042大手町
79%
223,023錦糸町
73%
286,082大井町
71%
112,855神保町
70%
30,514信濃町
67%
54,159永田町
66%
41,290上野御徒町
64%
94,106人形町
64%
97,648東陽町
63%
87,899茅場町
62%
20,281田原町
61%
144,750門前仲町
61%
38,252馬喰町
61%
74,289新御徒町
60%
42,373淡路町
60%
12,771稲荷町
59%
14,960中野富士見町
59%
54,567小川町
58%
39,912岩本町
56%
77,948金町
56%
30,412方南町
55%
16,408浜町
54%
29,547新富町
54%
15,934椎名町
54%
31,309仲御徒町
54%
30,348小伝馬町
54%
31,084要町
53%
61,568神谷町
53%
47,923南砂町
53%
50,395桜新町
49%
23,151宝町
49%
29,655内幸町
47%
16,075末広町
47%
28,087板橋本町
46%
16,250牛込柳町
46%
16,935大森町
44%
23,894永福町
43%
18,330練馬春日町
43%
19,254京成金町
41%
7,685上町
38%
23,700六町
37%
12,863荏原町
33%
43,592麴町
31%
54,418モノレール浜松町
29%
11,216千鳥町
29%
789栄町
28%

Score Distribution

Percentile by Number Answered

Percent of People with Each Score

Your Score History

You have not taken this quiz